000 00421nam a2200181Ia 4500
001 20327
005 20260306172758.0
008 260306t2002||||xx |||||||||||||| ||spa||
041 _aESP
082 _a343.2
_bC77 T.1
100 _aSanta MarĂ­a Mecq, Luis Carlos
_eAUT
245 0 _aJurisprudencia constitucional
260 _c2002
300 _a
_c
650 _aGEN
654 _aCDE
942 _cLIB
_dJUS
_fJUS
_2ddc
_n
999 _c20327
_d20327